Normal view
MARC view
Entry Personal Name
001 - CONTROL NUMBER
- control field: 9945
003 - CONTROL NUMBER IDENTIFIER
- control field: OSt
005 - DATE AND TIME OF LATEST TRANSACTION
- control field: 20190906060416.0
008 - FIXED-LENGTH DATA ELEMENTS
- fixed length control field: 190906|| aca||aabn | a|a d
040 ## - CATALOGING SOURCE
- Original cataloging agency: OSt
- Transcribing agency: OSt
100 ## - HEADING--PERSONAL NAME
- Personal name: Hendriks, Carolyn M.
670 ## - SOURCE DATA FOUND
- Source citation: Work cat.: (OSt): Hendriks, Carolyn M., Participatory adaptation in contemporary parliamentary committees in Australia, 2019
